| 000 | 00480nam a2200157 4500 | ||
|---|---|---|---|
| 001 | 126648 | ||
| 003 | ES-MaACL | ||
| 005 | 20230906192844.0 | ||
| 007 | t| | ||
| 008 | 070214s1910 sz r ||||1| fre d | ||
| 100 | 1 |
_aReverdin, J. S. _996410 |
|
| 245 | 1 | 0 |
_aLeçons de chirurgie de guerre des blessures faites par les balles des fusil / _cJ. S. Reverdin. |
| 260 |
_aGénève : _bAlbert Kündig, _c1910. |
||
| 300 |
_aXI, 224 p., 7 lám. ; _c22 cm. |
||
| 852 |
_aES-MaACL _jB-11248 |
||
| 999 |
_c126648 _d126648 |
||